000 00660nam a2200253 i 4500
001 bg
100 1 _aBURNS, Joe
245 1 0 _aHTML goodies :
_brodzynki języka HTML /
_cJoe Burns ; przekł. z ang. Ryszard Glegoła.
260 _aWarszawa :
_b"Mikom",
_c1999.
300 _a572 s. ;
_c24 cm.
490 1 _aŚwiat Internetu
504 _aIndeks.
650 9 _aHTML
650 9 _aStrony WWW
655 _aPodręczniki
830 _aŚwiat Internetu
020 _a837158198X
040 _cBPK
041 1 _apl
_hen
080 _a004.438HTML:004.738.52](07)
920 _a83-7158-198-X
942 _cKS
008 s pl f |000 0 pol
999 _c35786
_d35786
856 _uhttp://koha.tu.koszalin.pl/cgi-bin/koha/opac-detail.pl?biblionumber=35786
_yKatalog online BPK